01280nas a2200373 4500001001300000003000900013005001700022007000300039008003400042040005400076041000900130072001300139100002100152100002400173100002200197100002100219100001500240100002400255100002200279100001700301100001800318245012400336650001800460650000900478650002600487650003100513650001200544650001600556773010100572909004000673942001800713999001900731952015600750BR2011003900BR-BrBNA20231205115038.0ta230509b bl.|||p| |||| 00| 00por d aBR-BrBNAbporcBiblioteca Nacional de Agricultura a(Pt) aL10; L531 aGottschall, C.S.1 aSchüler, M. de V.1 aMartins, C.T.D.C.1 aAlmeida, M.R. de1 aMagero, J.1 aSoares, J.C. dos R.1 aBittencourt, H.R.1 aMattos, R.C.1 aGregory, R.M.1 aEfeitos do uso de GNRH no momento da IATF e dias pós-parto sobre a taxa de prenhez em vacas de corte com cria ao pé aGADO DE CORTE aVACA aREPRODUÇÃO ANIMAL aINSEMINAÇÃO ARTIFICIAL aPRENHEZ aPÓS-PARTO0 tVeterinária em Foco (Brazil)xISSN 1679-5237g(Jan-Jun 2010), v. 7(2) p. 124-134wBR2011003900 a202311bLúciac55dLúcia Elande 2AGRISn0cANA c211818d211818 002AGRIS4071a41918b41918cPeriódicos Agrícolash(Jan-Jun 2010), v. 7(2) p. 124-134l0r2023-11-29t01yCRePortaria Interministerial nº 164/94